000 00521nam a22001577a 4500
008 171208b xxu||||| |||| 00| 0 eng d
082 _21991
_aDFil 657.48
_bV23
100 _924687
_aValix, Conrado T.,author.
245 _aFinancial accounting, volume one /
_cby Conrado T. Valix, Jose F. Peralta.
260 _aManila :
_bGIC enterprise3s & CO., Inc.,
_c©1991
300 _a547 pages ;
_c22 cm.
650 0 _924688
_aAccounting.
700 _924689
_aPeralta, Jose F.,author.
365 _b124.00
_cPhp
942 _2ddc
_cDFIL
999 _c8012
_d8012